Болонский процесс: курс лекций

Podrobná bibliografie
Hlavní autor: Байденко В. И. Валентин Иванович
Shrnutí:Освещается Болонский процесс как основа интеграции европейских стран в сфере высшего образования. Раскрываются его истоки, связь с мировыми тенденциями и процессами, роль в становлении единой Европы. Особое внимание уделяется тем преобразованиям, которые должны быть осуществлены в отечественной высшей школе в связи с присоединением Российской Федерации к Болонскому процессу в сентябре 2003 года. Излагаемый материал основан на авторитетных источниках: международных соглашениях и декларациях, материалах совещаний министров высшего образования европейских стран, конференций деятелей высшей школы, публикациях видных ученых. Для ректоров и проректоров высших учебных заведений, руководителей и специалистов аппарата управления ими. Представляет интерес для широких кругов научно-педагогических работников и студентов вузов.
Jazyk:ruština
Vydáno: Москва, Логос, 2004
Témata:
Médium: MixedMaterials Kniha
KOHA link:https://koha.lib.tpu.ru/cgi-bin/koha/opac-detail.pl?biblionumber=76094

MARC

LEADER 00000nam0a2200000 4500
001 76094
005 20231101212844.0
010 |a 5940103510 
035 |a (RuTPU)RU\TPU\book\81308 
090 |a 76094 
100 |a 20050411d2004 m y0rusy50 ca 
101 0 |a rus 
102 |a RU 
105 |a y j 001zy 
200 1 |a Болонский процесс  |e курс лекций  |f В. И. Байденко 
210 |a Москва  |c Логос  |d 2004 
215 |a 208 с. 
320 |a Библиогр.: с. 201-203 
330 |a Освещается Болонский процесс как основа интеграции европейских стран в сфере высшего образования. Раскрываются его истоки, связь с мировыми тенденциями и процессами, роль в становлении единой Европы. Особое внимание уделяется тем преобразованиям, которые должны быть осуществлены в отечественной высшей школе в связи с присоединением Российской Федерации к Болонскому процессу в сентябре 2003 года. Излагаемый материал основан на авторитетных источниках: международных соглашениях и декларациях, материалах совещаний министров высшего образования европейских стран, конференций деятелей высшей школы, публикациях видных ученых. Для ректоров и проректоров высших учебных заведений, руководителей и специалистов аппарата управления ими. Представляет интерес для широких кругов научно-педагогических работников и студентов вузов. 
606 1 |a Высшее образование в целом  |2 stltpush  |3 (RuTPU)RU\TPU\subj\70411  |9 84678 
610 1 |a высшее образование 
610 1 |a Болонский процесс 
610 1 |a Европа 
610 1 |a Россия 
610 1 |a международные соглашения 
610 1 |a реформы 
610 1 |a Европейская система 
610 1 |a аккредитация 
610 1 |a качество 
610 1 |a учебные пособия 
686 |a Ч48я73  |v LBC/SL-A  |2 rubbk 
700 1 |a Байденко  |b В. И.  |g Валентин Иванович 
801 1 |a RU  |b 63413507  |c 20050411  |g PSBO 
801 2 |a RU  |b 63413507  |c 20130918  |g PSBO 
942 |c BK 
959 |a 33/20050408  |d 2  |e 143  |f НФ:2